MARKETING IMAGINATION (Record no. 17097)

MARC details
000 -LEADER
fixed length control field 00294nam a2200121Ia 4500
008 - FIXED-LENGTH DATA ELEMENTS--GENERAL INFORMATION
fixed length control field 240624s9999 xx 000 0 und d
041 ## - LANGUAGE CODE
Language code of text/sound track or separate title eng
082 ## - DEWEY DECIMAL CLASSIFICATION NUMBER
Classification number 658.8 LEV
100 ## - MAIN ENTRY--PERSONAL NAME
Personal name LEVITT THEODORE M
245 ## - TITLE STATEMENT
Title MARKETING IMAGINATION
260 ## - PUBLICATION, DISTRIBUTION, ETC.
Date of publication, distribution, etc. 1986
Place of publication, distribution, etc. New York
Name of publisher, distributor, etc. Free Press
300 ## - PHYSICAL DESCRIPTION
Extent 238 : p.
Holdings
Withdrawn status Lost status Damaged status Not for loan Home library Current library Shelving location Date acquired Source of acquisition Cost, normal purchase price Total Checkouts Full call number Barcode Date due Date last seen Date last checked out Copy number Price effective from Koha item type
        IMTN IMTN Rack 35-A 05/16/2011 FK 851.00 1 658.8 LEV 17097 10/14/2024 07/06/2024 07/06/2024 1 06/24/2024 Books
Designed & Maintained by: LRC IMT Nagpur Contact: lrc@imtnag.ac.in© 2024. All Rights Reserved.